Training for development (Record no. 417)

MARC details
000 -LEADER
fixed length control field 00434nam a22001697a 4500
005 - DATE AND TIME OF LATEST TRANSACTION
control field 20180811125234.0
008 - FIXED-LENGTH DATA ELEMENTS--GENERAL INFORMATION
fixed length control field 160502b xxu||||| |||| 00| 0 eng d
020 ## - INTERNATIONAL STANDARD BOOK NUMBER
ISBN 81-7036-129-X
041 ## - LANGUAGE CODE
Language code of text/sound track or separate title eng
082 ## - DEWEY DECIMAL CLASSIFICATION NUMBER
Item number 1102
Classification number 658.31243
100 ## - MAIN ENTRY--AUTHOR NAME
Personal name Lynton Rolf P and Pareek, Udai
245 ## - TITLE STATEMENT
Title Training for development
260 ## - PUBLICATION, DISTRIBUTION, ETC. (IMPRINT)
Place of publication New Delhi
Name of publisher Vistaar Public.
Year of publication 2005
300 ## - PHYSICAL DESCRIPTION
Number of Pages 333p,
650 ## - SUBJECT ADDED ENTRY--TOPICAL TERM
Topical Term Management
942 ## - ADDED ENTRY ELEMENTS (KOHA)
Koha item type Books
Holdings
Lost status Damaged status Collection code Home library Current library Shelving location Date acquired Cost, normal purchase price Full call number Accession Number Koha item type
    MANAGEMENT JRU Library JRU Library SHELF-72-B 02/05/2016 380.00 658.31243 1102 Books